Derechos humanos y ciudadanía /

Guardado en:
Autor Principal: Zajac, Ana María
Otros Autores: Eggers Brass, Teresa, Gallego, Marisa
Formato: Libro
Publicado: Buenos Aires : Maipue
Series:Polimodal
Materias:
Etiquetas: Agregar Etiqueta
Sin Etiquetas, Sea el primero en etiquetar este registro!
LEADER 00926nam a22002295a 4500
001 CEM.cems012696
005 20070904184740.0
008 130507b######################000#0#####d
003 CEMS
020 |a 9879493176 
082 0 4 |a 323.4 
100 1 |a Zajac, Ana María 
245 1 0 |a Derechos humanos y ciudadanía /  |c Ana María Zajac, Teresa Eggers Brass, Marisa Gallego 
260 |a Buenos Aires :  |b Maipue 
300 |a 256 p. 
490 0 |a Polimodal 
505 0 |a Ciudadanía y democracia -- Los derechos humanos y su reconocimiento -- Los derechos civiles y la libertad individual -- La participación política -- Los derechos económicos, sociales y culturales -- Los pueblos como titulares de derechos -- El problema de la discriminación 
653 |a Derechos humanos 
653 |a Ciudadanía 
700 1 |a Eggers Brass, Teresa 
700 1 |a Gallego, Marisa 
859 |a CEMS  |b BIB. CEMS - 11 de abril  |h 323.4  |i Z13  |p 24031.07  |t Ej.1